000 00290nam a22001217a 4500
020 _a9789381450864
082 _a637.14
_bPUR/DA
100 _aPuranik D.B.
_91184
245 _aDairy Plant Management
260 _aNew Delhi
_bNew India Publishing Agency
_c2014
300 _a261
942 _cBK
999 _c14676
_d14676